000 00369nam a2200157Ia 4500
008 221030s9999 xx 000 0 und d
020 _a0074517805
041 _aEnglish
082 _a105.23
_bMoh
100 _aM. Mohan
245 0 _aAdvertising Management : Concepts & Cases
260 _bTMH
_aNew Delhi
_c2003
300 _a418
650 _aManagement
942 _cBK
999 _c602
_d602